<?xml version="1.0" encoding="UTF-8"?><?xml-stylesheet type="text/xsl" href="static/style.xsl"?><OAI-PMH xmlns="http://www.openarchives.org/OAI/2.0/" xmlns:xsi="http://www.w3.org/2001/XMLSchema-instance" xsi:schemaLocation="http://www.openarchives.org/OAI/2.0/ http://www.openarchives.org/OAI/2.0/OAI-PMH.xsd"><responseDate>2026-04-13T02:49:53Z</responseDate><request verb="GetRecord" identifier="oai:www.recercat.cat:2117/392372" metadataPrefix="marc">https://recercat.cat/oai/request</request><GetRecord><record><header><identifier>oai:recercat.cat:2117/392372</identifier><datestamp>2025-07-23T03:29:19Z</datestamp><setSpec>com_2072_1033</setSpec><setSpec>col_2072_452951</setSpec></header><metadata><record xmlns="http://www.loc.gov/MARC21/slim" xmlns:dcterms="http://purl.org/dc/terms/" xmlns:xsi="http://www.w3.org/2001/XMLSchema-instance" xmlns:doc="http://www.lyncode.com/xoai" xsi:schemaLocation="http://www.loc.gov/MARC21/slim http://www.loc.gov/standards/marcxml/schema/MARC21slim.xsd">
   <leader>00925njm 22002777a 4500</leader>
   <datafield ind2=" " ind1=" " tag="042">
      <subfield code="a">dc</subfield>
   </datafield>
   <datafield ind2=" " ind1=" " tag="720">
      <subfield code="a">Tejedor Beneyto, Adrià</subfield>
      <subfield code="e">author</subfield>
   </datafield>
   <datafield ind2=" " ind1=" " tag="260">
      <subfield code="c">2023-06-20</subfield>
   </datafield>
   <datafield ind2=" " ind1=" " tag="520">
      <subfield code="a">“Aprenem jugant?” neix de la inquietud derivada del  baix grau d’interès que actualment destinem als espais de joc per a infants. &#xd;
&#xd;
És la ciutat un entorn on educar? Com i què han d’ensenyar les àrees infantils? L’infant ha de formar part del procés creatiu?&#xd;
&#xd;
La metodologia del treball consisteix en la cerca, l’anàlisi i la proposta d’un cas d’estudi, analitzat des d’una mirada arquitectònica centrada en el lleure, o educació no formal, i localitzat en l’espai públic.</subfield>
   </datafield>
   <datafield ind2=" " ind1=" " tag="520">
      <subfield code="a">“Aprenem jugant?” nace de la inquietud derivada del bajo grado de interés que actualmente destinamos a los espacios de juego para niñas y niños. &#xd;
&#xd;
¿Es la ciudad un entorno donde educar? ¿Cómo y qué deben enseñar las áreas infantiles? ¿La niña o el niño deben formar parte del proceso creativo?&#xd;
&#xd;
La metodología del trabajo consiste en la búsqueda, el análisis y la propuesta de un caso de estudio, analizado desde una mirada arquitectónica centrada en el tiempo libre, o educación no formal, y localizado en el espacio público.</subfield>
   </datafield>
   <datafield tag="653" ind2=" " ind1=" ">
      <subfield code="a">Àrees temàtiques de la UPC::Urbanisme::Aspectes socials</subfield>
   </datafield>
   <datafield tag="653" ind2=" " ind1=" ">
      <subfield code="a">Public spaces</subfield>
   </datafield>
   <datafield tag="653" ind2=" " ind1=" ">
      <subfield code="a">Play environments</subfield>
   </datafield>
   <datafield tag="653" ind2=" " ind1=" ">
      <subfield code="a">Anàlisi</subfield>
   </datafield>
   <datafield tag="653" ind2=" " ind1=" ">
      <subfield code="a">Exigències Arquitectòniques</subfield>
   </datafield>
   <datafield tag="653" ind2=" " ind1=" ">
      <subfield code="a">Àrees de joc infantil</subfield>
   </datafield>
   <datafield tag="653" ind2=" " ind1=" ">
      <subfield code="a">Entorn urbà</subfield>
   </datafield>
   <datafield tag="653" ind2=" " ind1=" ">
      <subfield code="a">Espais públics</subfield>
   </datafield>
   <datafield tag="653" ind2=" " ind1=" ">
      <subfield code="a">Parcs infantils</subfield>
   </datafield>
   <datafield ind2="0" ind1="0" tag="245">
      <subfield code="a">Aprenem jugant? : una anàlisi de les exigències arquitectòniques dels espais de lleure en l’entorn urbà</subfield>
   </datafield>
</record></metadata></record></GetRecord></OAI-PMH>